000 00848nam a2200229 4500
005 2009092201161.0
008 700624s1969 ii b 000 0 eng
010 _aB-358129
020 _a8181030184
_c150.00
035 _aB-358129
037 _bDBAD / PUB
040 _adpl
_bEnglish
082 _a921
100 _aSharma, Rohit
245 _aPandit Jawaharlal Nehru /
_cby Rohit Sharma; illustrated by Shankar Nayak
260 _aDelhi
_bSeema Publishing House
_c2007
270 _a30/21-A, First Floor, Gali No. 9, Vishwas Nagar, Shahdra
_bDelhi
_e110032
300 _a128p. :
_c22cm(Hb)
_bill.
700 _aNayak, Shankar
942 _2ddc
_cCH
_h921
_mNEH
999 _c30542
_d30542